| 000 | 01087cam a2200289 a 4500 | ||
|---|---|---|---|
| 999 |
_c1427 _d1427 |
||
| 001 | 15528395 | ||
| 003 | GZU | ||
| 005 | 20201015090146.0 | ||
| 008 | 081119s2009 nyua 001 0 eng | ||
| 010 | _a 2008048598 | ||
| 020 | _a9780077280314 (alk. paper) | ||
| 020 | _a0077280318 (alk. paper) | ||
| 040 |
_aDLC _cDLC _dDLC |
||
| 050 | 0 | 0 |
_aHA32 _b.P38196 2009 |
| 082 | 0 | 0 |
_a005.5/5 _222 |
| 100 | 1 | _aPavkov, Thomas W. | |
| 245 | 1 | 0 |
_aReady, set, go! : _ba student guide to SPSS16.0-17.0 for Windows / _cThomas W. Pavkov. |
| 250 | _a10th ed. | ||
| 260 |
_aNew York, N.Y. : _bMcGraw-Hill, _cc2009. |
||
| 300 |
_avii, 85 p. : _bill. ; _c24 cm. |
||
| 500 | _aIncludes index. | ||
| 630 | 0 | 0 | _aSPSS (Computer file) |
| 650 | 0 |
_aSocial Sciences _xStatistical methods _xComputer programs. |
|
| 906 |
_a7 _bcbc _corignew _d1 _eecip _f20 _gy-gencatlg |
||
| 942 |
_2lcc _cBK _e10th ed. _h32 _iPAV _kHA _m2009 |
||